000 01519cam a22003854i 4500
003 PE-LiUPU
005 20250731175629.0
008 150623s2003 miu r 000 0 eng d
020 _a1575060221
035 _a(Sirsi) i9781575060224
040 _aPE-LiUPU
_bspa
_cPE-LiUPU
_erda
049 _aPRUA
082 0 4 _a492.4
_bF98
_221
110 2 _aFutato, Mark David
245 1 0 _aBeginning Biblical Hebrew /
_cFutato, Mark David.
264 1 _aWinona Lake, Indiana :
_bEisenbrauns,
_c2003.
300 _a351 páginas ;
_c29 centímetros
336 _atext
_2rdacontent
337 _aunmediated
_2rdamedia
338 _avolume
_2rdacarrier
505 0 _aThe alphabet -- The vowels. Syllables -- The noun -- Pronouns and the definite article -- The verb -- Sentences with changes -- Prepositions and vav conjunction -- The adjective -- The verb: al imperfect -- The piel : strong roots.
526 _aP145
526 _aP127
526 _aP97
526 _aP35
526 _aP14
526 _aP07
650 0 4 _aHebreo biblico
_xGramática.
942 _2ddc
_cBOOK
949 _a492.4 F98
_wDEWEY
_c1
_i52714
_lCCODEBUL1
_mBUL
_p20.00
_r0
_sY
_tBOOK
_u2015-6-24
_xTEOLOGIA
_PP35
_0COMPRA
_o.STAFF. Colección Teología
994 _aC0
_bPEPRU
596 _a1
999 _a492.4 F98
_wDEWEY
_c34572
_i52714
_d34572
_f2021-11-11
_g5
_lCCODEBUL1
_mBUL
_p20.00
_q5
_r0
_sY
_tBOOK
_u2015-6-24
_xTEOLOGIA
_PP35
_0COMPRA
_o.STAFF. Colección Teología
980 _81
_gALBERTO SANCHEZ Responsable de Automatización